000 01240nam a2200313 i 4500
005 20260407172851.0
008 260329t20252025my a gr o000 0dmay d
020 _a9789674619862
_cRM38.00
_qpaperback
040 _aPPAK
_beng
_cPPAK
_erda
082 0 4 _223
_a332.088297
090 0 0 _a332.088297
_bFAT
_dG
100 0 _aFathullah Asni,
_q(Muhammad Fathullah Al Haq bin Muhamad Asni),
_cDr.,
_eauthor.
245 1 0 _aIjtihad DAN APLIKASINYA DALAM MUAMALAT KEWANGAN ISLAM /
_cFATHULLAH ASNI ; Editor Substantif : Nazrul Hassan ; Editor Naskhah: Norsamila Samsudin
264 1 _aPulau Pinang :
_bPenerbit Universiti Sains Malaysia,
_c2025
264 4 _c©2025
300 _axi, 197 pages :
_billustrations ;
_c23 cm
336 _atext
_2rdacontent
337 _aunmediated
_2rdamedia
338 _avolume
_2rdacarrier
500 _aContains verses from the Qur'an and quotes from the Hadith.
504 _aBibliography: pages 187-196.
650 1 0 _aFinance
_xReligious aspects
_xIslam
650 2 0 _aIjtihād (Islamic law)
650 2 0 _aIslam
_xEconomic aspects
650 2 0 _aGovernment publications
_zMalaysia
700 0 _aNazrul Hassan,
_eeditor.
700 0 _aNorsamila Samsudin,
_eeditor.
942 _2ddc
_cB
999 _c203535
_d203535